The Politics of urban fiscal policy

Bibliographic Details
Other Authors: McDonald , Terrence J. (Editor), Ward, Sally K. (Editor)
Format: Book
Language:English
Published: California : Sage Publications 1984
Series:New approaches to Social Science History, Vol. 5
Subjects:

MARC

LEADER 00000cam a2200000 7i4500
001 0000003482
005 20240927.0
008 991203 caua eng
020 |a 0803923732 
040 |a INS   |b eng   |e rda 
090 0 0 |a HJ9144   |b .P64 1984 
245 1 4 |a The Politics of urban fiscal policy   |c editors by Terrence J. McDonald and Sally K. Ward 
264 1 |a California :   |b Sage Publications   |c 1984 
300 |a 176 pages :   |b illustrations ;   |c 23 cm. 
336 |a text  |2 rdacontent 
337 |a unmediated  |2 rdamedia 
338 |a volume  |2 rdacarrier 
490 0 |a New approaches to Social Science History, Vol. 5 
650 0 |a Municipal finance   |z United States   |x Addresses, essays, lectures 
650 0 |a Municipal government   |z United States   |x Addresses, essays, lectures 
700 1 |a McDonald ,   |c Terrence J. ,   |e editor 
700 1 |a Ward, Sally K. ,   |e editor 
999 |a 0000004422   |b BOOK   |c Open Shelf   |e Default branch